LEADER 00943nam2-2200313---45-- 001 990001087920203316 005 20020715155418.0 010 $a88-02-05171-2 035 $a000108792 035 $aUSA01000108792 035 $a(ALEPH)000108792USA01 035 $a000108792 100 $a20020715d1999----km|y1itay0103----ba 101 2 $aita 102 $aIT 105 $aa|||z|||001yy 200 1 $a<<8: La>> clinica$epatologia della psiche e del comportamento$epsichiatria e società, psichiatria clinica, diagnosi, trattamenti 210 $aTorino$cUTET$d[1999] 215 $aXVII, 792 p.$d29 cm. 461 1$10010080273$12001$aProfessione medico 801 0$aIT$bUNPD$gRICA 912 $a990001087920203316 951 $a610 PRO 8$b3054 Farm.$c610$d00082361 959 $aBK 969 $aFAR 979 $aJOHNNY$b90$c20020715$lUSA01$h1554 979 $aPATRY$b90$c20040406$lUSA01$h1715 996 $aClinica$9975439 997 $aUNISA LEADER 01424nam 2200373Ia 450 001 9910699060903321 005 20090818133333.0 035 $a(CKB)5470000002399276 035 $a(OCoLC)430957781 035 $a(EXLCZ)995470000002399276 100 $a20090818d2009 ua 0 101 0 $aeng 135 $aurmn||||a|||| 181 $ctxt$2rdacontent 182 $cc$2rdamedia 183 $acr$2rdacarrier 200 00$aHigh-resolution seismic-reflection and marine magnetic data along the Hosgri Fault Zone, central California$b[electronic resource] /$fby Ray W. Sliter ... [and others] 210 1$a[Reston, Va.] :$c[U.S. Geological Survey],$d2009. 215 $a1 online resource $cillustrations, maps 225 1 $aU.S. Geological Survey open-file report ; 2009-1100 300 $aTitle from title screen (viewed July 28, 2009). 320 $aIncludes bibliographical references. 606 $aSeismic reflection method$xData processing 606 $aGeomagnetism$zCalifornia, Northern$vObservations 615 0$aSeismic reflection method$xData processing. 615 0$aGeomagnetism 701 $aSliter$b Ray W$01405982 712 02$aGeological Survey (U.S.) 801 0$bGPO 801 1$bGPO 906 $aBOOK 912 $a9910699060903321 996 $aHigh-resolution seismic-reflection and marine magnetic data along the Hosgri Fault Zone, central California$93514761 997 $aUNINA